000 00406nam a2200181Ia 4500
001 15667
005 20260306170213.0
008 260306t1972||||xx |||||||||||||| ||und||
041 _aESP
082 _a572
_bL16
100 _aLaguna, José,
_eAUT
245 0 _aBioquímica
260 _c1972
300 _axvi, 785 páginas :
_c23 cm.
650 _aGEN
654 _aCCS
942 _cLIB
_dJUS
_fJUS
_2ddc
_n
999 _c15667
_d15667